| 000 | 02756nam a2200325Ia 4500 | ||
|---|---|---|---|
| 999 |
_c54983 _d54983 |
||
| 001 | 22054 | ||
| 003 | GE_BSU | ||
| 005 | 20191029114745.0 | ||
| 008 | 181216s2016||||ge |||||||||||||| ||geo|| | ||
| 020 | _a9789941135590 | ||
| 041 | _ageo | ||
| 080 | _a330.4(075.3):519.862.6(075.3) ვ-95 | ||
| 100 |
_aვულდრიჯი, ჯეფრი მ. _95054 |
||
| 245 |
_aშესავალი ეკონომეტრიკაში : განკუთვნილი ევროპის, ახლო აღმოსავლეთისა და აფრიკისთვის = Introduction to Econometrics : Europe, Middle East and Africa edition / _cჯეფრი მ. ვულდრიჯი ; მთარგმ : აკაკი არსენაშვილი ; მერაბ ჯულაყიძე ; მაია მინდორაშვილი ; ანა ანანიაშვილი ; რედ : ქეთევან ქურდოვანიძე ; ცირა ჯიშკარიანი ; დალი გერმანიშვილი [და სხვ.] |
||
| 264 |
_aთბილისი : _bთბილ. უნ-ტის გამ-ბა, _c2016. |
||
| 300 |
_a622 გვ.: _c27 სმ. |
||
| 504 | _aბიბლიოგრ.: გვ. 561-566. | ||
| 520 | _aწიგნის ქართული თარგმანი მოამზადა ივანე ჯავახიშვილის სახ. თბილისის სახელმწ. უნ-ტმა საქართველოში აშშ საელჩოს ფინანსური მხარდაჭერით. | ||
| 653 | _aეკონომიკა | ||
| 653 | _aეკონომიკური მათემატიკა -- სახელმძღვანელოები. ეკონომეტრიკა -- სახელმძღვანელოები. | ||
| 653 | _aმათემატიკა | ||
| 700 |
_aარსენაშვილი, აკაკი _eმთარგმნელი _95055 |
||
| 700 |
_aჯულაყიძე, მერაბ _eმთარგმნელი _95056 |
||
| 700 |
_aმინდორაშვილი, მაია _eმთარგმნელი _95057 |
||
| 700 |
_aანანიაშვილი, ანა _eმთარგმნელი _95058 |
||
| 700 |
_aქურდოვანიძე,, ქეთევან _eრედაქტორი _95059 |
||
| 700 |
_aჯიშკარიანი, ცირა _eრედაქტორი _95060 |
||
| 700 |
_aგერმანიშვილი, დალი _eრედაქტორი _95061 |
||
| 942 |
_cBK _2udc |
||